Imperial russia and the struggle for latin american independence, 1808-1828 /
Guardado en:
| Autor Principal: | |
|---|---|
| Formato: | Libro |
| Publicado: |
Austin :
University Of Texas,
1978
|
| Series: | Latin American Monographs, 43
|
| Materias: | |
| Etiquetas: |
Agregar Etiqueta
Sin Etiquetas, Sea el primero en etiquetar este registro!
|
| LEADER | 00569nam a22001695a 4500 | ||
|---|---|---|---|
| 001 | EHU.bham013313 | ||
| 003 | AR-BHAM | ||
| 005 | 20100301153339.0 | ||
| 008 | 130507s1978##################000#0#####d | ||
| 082 | 9 | 7 | |a 973.5 |
| 100 | 1 | |a Bartley, Russell H. | |
| 245 | 1 | 0 | |a Imperial russia and the struggle for latin american independence, 1808-1828 / |c Russell H. Bartley |
| 260 | |a Austin : |b University Of Texas, |c 1978 | ||
| 300 | |a 1978 | ||
| 490 | 0 | |a Latin American Monographs, 43 | |
| 653 | |a Historia de eeuu-1809-1845 | ||
| 859 | |a AR-BHAM |b BIB. HUMANIDADES - General |h 973.5 |i B284 |p 320.84 |t Ej.1 | ||
